University Home | Library Home | Institutional Repository

Advanced Introduction to Private International Law and Procedure / (Record no. 216578)

MARC details
000 -LEADER
fixed length control field 00728 a2200241 4500
005 - DATE AND TIME OF LATEST TRANSACTION
control field 20260414084800.0
008 - FIXED-LENGTH DATA ELEMENTS--GENERAL INFORMATION
fixed length control field 260414b |||||||| |||| 00| 0 eng d
020 ## - INTERNATIONAL STANDARD BOOK NUMBER
International Standard Book Number 9781786436801
040 ## - CATALOGING SOURCE
Original cataloging agency LC
Transcribing agency UNZA
Description conventions RDA
050 ## - LIBRARY OF CONGRESS CALL NUMBER
Classification number K 7040
Item number HAY 2018.
100 ## - MAIN ENTRY--PERSONAL NAME
Personal name Hay, Peter
Relator term author
245 ## - TITLE STATEMENT
Title Advanced Introduction to Private International Law and Procedure /
Statement of responsibility, etc. Peter Hay.
260 ## - PUBLICATION, DISTRIBUTION, ETC.
Name of publisher, distributor, etc. Edward Elgar Publishing :
Date of publication, distribution, etc. 2018.
Place of publication, distribution, etc. Cheltenham,
300 ## - PHYSICAL DESCRIPTION
Extent xi, 147 pages :
336 ## - CONTENT TYPE
CONTENT TYPE Text
337 ## - MEDIA TYPE
MEDIA TYPE Unmediated
338 ## - CARRIER TYPE
CARRIER TYPE Volume
504 ## - BIBLIOGRAPHY, ETC. NOTE
Bibliography, etc. note Includes bibliographical references and index.
650 ## - SUBJECT ADDED ENTRY--TOPICAL TERM
Topical term or geographic name entry element Conflict of laws
650 ## - SUBJECT ADDED ENTRY--TOPICAL TERM
Topical term or geographic name entry element Conflict of laws
General subdivision Civil procedure
650 ## - SUBJECT ADDED ENTRY--TOPICAL TERM
Topical term or geographic name entry element Procedure (Law)
942 ## - ADDED ENTRY ELEMENTS (KOHA)
Koha item type Book
999 ## -
-- 216578
-- 216578
Holdings
Withdrawn status Lost status Source of classification or shelving scheme Damaged status Not for loan Collection code Home library Current library Shelving location Date acquired Source of acquisition Cost, normal purchase price Total Checkouts Full call number Barcode Date last seen Copy number Cost, replacement price Price effective from Koha item type
    Library of Congress Classification     Non-fiction Main Library Main Library On Shelf 04/13/2026 Donation 300.00   K 7040 HAY 2018. 33729006812379 04/13/2026 1 300.00 04/13/2026 Book
    Library of Congress Classification     Non-fiction Main Library Main Library On Shelf 04/13/2026 Donation 300.00   K 7040 HAY 2018. 33729006812437 04/13/2026 2 300.00 04/13/2026 Book
    Library of Congress Classification     Non-fiction Main Library Main Library On Shelf 04/13/2026 Donation 300.00   K 7040 HAY 2018. 33729006812080 04/13/2026 3 300.00 04/13/2026 Book
© 2026 - The University of Zambia Library - Koha v25.11